000 00434nam a2200169Ia 4500
003 GCL
008 140319s9999 xx 000 0 eng d
040 _aGCL /
_cGCL
082 0 4 _a782
_b10924
_bB R
100 1 _aBECKETT, LUCY
245 1 0 _aRICHARD WAGNER PARSIFAL /
_cBECKETT, LUCY
260 _a[S.N] :
_bCAMLRIDGE UNIVERSITY PRESS ،
_c1995
300 _a163 P
650 0 4 _aOPERA
650 0 4 _aEUROPEAN OPERA
942 _2ddc
_cBK
999 _c11816
_d11816